000 00622nam a2200181Ia 4500
003 GCL
008 140319s9999 xx 000 0 ara d
040 _aGCL /
_cGCL
082 0 4 _aد
_b050
100 1 _aمحمد عمارة
245 1 0 _aالاسلام وحقوق الانسان : ضرورات 0 0 لاحقوق (عالم المعرفة 89) /
_cمحمد عمارة
260 _a[S.N] :
_bالمجلس الوطنى للثقافة والفنون والاداب ،
_c1989
300 _a216 ص
490 _aعالم المعرفة
_v0
650 0 4 _aالاسلام
650 0 4 _aحقوق الانسان
942 _2ddc
_cBK
999 _c42438
_d42438